| 000 | 00768nam a22002057a 4500 | ||
|---|---|---|---|
| 999 |
_c216548 _d216548 |
||
| 005 | 20260402141855.0 | ||
| 008 | 260402b ||||| |||| 00| 0 eng d | ||
| 040 |
_aLC _cUNZA _dUNZA _eRDA |
||
| 050 |
_aZAMB BV 2290 _bGUB 1968 |
||
| 245 |
_aGubulawayo and beyond : _bletters and journals of the early Jesuit missionaries to Zambesia (1879-1887) / _cedited by Michael Gelfand with a foreword by W. F. Rea. |
||
| 260 |
_aLondon: _bGeofrey Chapman, _c1968. |
||
| 300 |
_a496 pages: _billustrations. |
||
| 504 | _aIncludes bibliographical footnotes. | ||
| 650 |
_aJesuits _zZimbabwe |
||
| 650 |
_aMissions _zZimbabwe |
||
| 700 |
_a Gelfand, Michael _eeditor. |
||
| 700 |
_aRea, W. F. _eForeword writer |
||
| 710 | _a Jesuits. Letters from missions | ||
| 942 | _cZAMBIANA | ||